Statistiken für Länder, die Kuba am meisten besuchen

Klicken Sie hier um das Quiz zu spielen!

Allgemein

  • Dieses Quiz wurde 67 mal gespielt
  • Das Durchschnittsergebnis liegt bei 10 aus 12

Antwortstatistiken

BesucherBesucherland% Korrekt
242,355Deutschland
100%
284,552Vereinigte Staaten
100%
1,205,809Kanada
98%
187,468Frankreich
93%
153,340Spanien
93%
191,585Italien
90%
194,815Vereinigtes Königreich
90%
65,386Russland
86%
131,353Mexiko
83%
52,613Niederlande
59%
94,727Argentinien
51%
51,860Chile
34%

Verteilung der Resultate

Perzentil nach korrekt beantworteten Fragen

Anzahl Personen mit jedem Resultat

Ihre Resultats-Entwicklung

Sie haben dieses Quiz noch nicht gespielt